Quiz Harry Potter - Statistiques

Statistiques générales
  • Ce quiz a été pris 320 fois
  • Le résultat moyen est 15 sur 15
Statistiques - réponses
Question Réponse % Correct
Comment s'appelle la langue des serpents que maitrise Harry? Fourchelang
100%
Qui est l'auteur de la saga Harry Potter? J.K Rowling
100%
Quel est le premier horchruxe que Harry a vu? Le journal intime de Tom Jedusor
100%
Quel est le sport des sorciers? Le quidditch
100%
Quel est le nom français du chat de Hermione? Pattenrond
100%
Comment s'appelle le train que prennent les élèves pour aller a poudlard? Poudlard Express
100%
Comment s'appelle l'acteur qui joue Ron Weasley? Rupert Grint
100%
Quel est l'insulte que Drago Malfoy dit a Hermione pour la traiter de moldus? sang de bourbe
100%
Qui était amoureux de Lily Evans? Severus Rogue
100%
A l'époque qui était victimiser par James Potter? Severus Rogue
100%
Qui est le prince de sang-mêlé? Severus Rogue
100%
Quel est le patronus d'Harry Potter? Un cerf
100%
Qui a détruit La bague de Gaunt? Albus Dumbledore
96%
Combien de film Harry Potter existe t'il? 8
83%
Quels personnages sont tués dans la bataille de Poudlard? Remus Lupin,Tonks et Fred Weasley
83%
Aucun quiz correspondant
Distribution des résultats
% des personnes avec chaque résultat
Percentile par nombre de réponses
Votre historique - résultats
Vous n’avez pas pris ce quiz